=LDR 00000nam 2200000 4500 =001 INLIS000000000023905 =005 20130612122527 =008 ***********************************ind** =035 ##$$0010-061300000023905 =041 ##$$a ind =082 ##$$a 4x2 23 =090 ##$$a 4x2 23, Mar k =100 ##$$a Mardiwarsito, L =245 ##$$a Kamus Praktis Jawa-Indonesia, L.Mardiwarsito, Sri Sukesi Adiwimarta, Sri Timur Suratman =260 ##$$a 1985 $b Jakarta =650 ##$$a Kamus Jawa - Indonesia =850 ##$$a NBPNMAT